[Event "2BLN 1819 SK Zehlendorf - SV Glückauf "]
[Site "?"]
[Date "2018.11.10"]
[Round "1.1"]
[White "Kanarek, Marcel"]
[Black "Lagunow, Raphael"]
[Result "0-1"]
[WhiteElo "2508"]
[BlackElo "2407"]
[PlyCount "114"]
[EventDate "2018.??.??"]

1. e4 c6 2. d4 d5 3. Nc3 dxe4 4. Nxe4 Nf6 5. Nxf6+ exf6 6. c3 Bd6 7. Bd3 O-O 8.
Qc2 Re8+ 9. Ne2 g6 10. h4 Nd7 11. h5 Nf8 12. Bh6 Be6 13. Kf1 f5 14. Qd2 Rc8 15.
Nf4 Bxf4 16. Bxf4 c5 17. hxg6 fxg6 18. Bb5 Bd7 19. Bc4+ Be6 20. d5 Bf7 21. Bb5
Qxd5 22. Qxd5 Bxd5 23. Bxe8 Rxe8 24. b3 Ne6 25. Be5 c4 26. Rd1 Rd8 27. b4 Be4
28. Rxd8+ Nxd8 29. b5 Bc2 30. Ke2 a6 31. Bf6 Ne6 32. Kd2 Bd3 33. bxa6 bxa6 34.
Bd4 h5 35. Re1 Kf7 36. Re5 h4 37. Ra5 Bf1 38. Rxa6 Nxd4 39. Ra7+ Kg8 40. cxd4
Bxg2 41. Rd7 g5 42. Rd8+ Kf7 43. Kc3 h3 44. Rh8 Kg7 45. Rh5 Kg6 46. Rh8 g4 47.
Kxc4 f4 48. d5 g3 49. fxg3 f3 50. Rf8 h2 51. d6 h1=Q 52. d7 Qc1+ 53. Kb5 Qb2+
54. Kc6 Qc3+ 55. Kb5 Qb2+ 56. Kc6 Qc3+ 57. Kb5 Bf1+ 0-1

[Event "2BLN 1819 SK Zehlendorf - SV Glückauf "]
[Site "?"]
[Date "2018.11.10"]
[Round "1.2"]
[White "Sawlin, Leonid"]
[Black "Steczek, Marcin"]
[Result "1-0"]
[WhiteElo "2372"]
[BlackElo "2373"]
[PlyCount "79"]
[EventDate "2018.??.??"]

1. e4 c6 2. d4 d5 3. e5 Bf5 4. Nf3 e6 5. Nbd2 h6 6. Nb3 Nd7 7. a4 Qc7 8. Be3
Ne7 9. a5 a6 10. Be2 Bh7 11. O-O Nf5 12. c4 dxc4 13. Bxc4 Be7 14. Qd2 Nxe3 15.
Qxe3 O-O 16. Rfc1 b5 17. Bd3 Bxd3 18. Qxd3 Rac8 19. Rc2 Rfd8 20. Qe3 Nb8 21.
Ne1 Rd5 22. Nd3 Qd8 23. Rac1 c5 24. Ndxc5 Bxc5 25. Qe1 Nd7 26. Nxc5 Nxc5 27.
Rxc5 Rcxc5 28. dxc5 Qc7 29. c6 b4 30. g3 Rb5 31. Qd2 Rb8 32. Qd6 Rc8 33. Qxc7
Rxc7 34. f4 Kf8 35. Kf2 Rc8 36. Ke3 Rd8 37. c7 Rc8 38. Rc6 Ke7 39. Kd4 Kd7 40.
Kc5 1-0

[Event "2BLN 1819 SK Zehlendorf - SV Glückauf "]
[Site "?"]
[Date "2018.11.10"]
[Round "1.3"]
[White "Janaszak, Dawid"]
[Black "Malek, Daniel"]
[Result "1/2-1/2"]
[WhiteElo "2354"]
[BlackElo "2391"]
[PlyCount "49"]
[EventDate "2018.??.??"]

1. c4 e5 2. Nc3 Bb4 3. g3 Bxc3 4. bxc3 d6 5. Bg2 Ne7 6. Nf3 c5 7. O-O O-O 8. d3
Nbc6 9. e4 Qc7 10. Nh4 f5 11. f4 Be6 12. exf5 Nxf5 13. Nxf5 Bxf5 14. g4 Bd7 15.
f5 Ne7 16. Be4 Bc6 17. Qf3 Rad8 18. Bg5 Rd7 19. Qh3 a6 20. Qh4 Rf7 21. Rf3 d5
22. f6 dxe4 23. fxe7 Rdxe7 24. Rh3 h6 25. Bxe7 1/2-1/2

[Event "2BLN 1819 SK Zehlendorf - SV Glückauf "]
[Site "?"]
[Date "2018.11.10"]
[Round "1.4"]
[White "Meister, Jakob"]
[Black "Sroczynski, Maciej"]
[Result "1/2-1/2"]
[WhiteElo "2422"]
[BlackElo "2315"]
[PlyCount "51"]
[EventDate "2018.??.??"]

1. d4 d5 2. Bf4 Nf6 3. e3 g6 4. Be2 Bg7 5. h4 c5 6. h5 Qa5+ 7. c3 Nc6 8. Nd2
Qb6 9. Qb3 O-O 10. hxg6 hxg6 11. Qxb6 axb6 12. Bc7 Nd7 13. f4 Ncb8 14. Bxb8
Nxb8 15. Bf3 Rd8 16. Ne2 Nc6 17. a3 Bf5 18. g4 Bd3 19. Kf2 e6 20. Nb3 Na5 21.
Nxa5 bxa5 22. Rhd1 Bc4 23. dxc5 Rdc8 24. e4 dxe4 25. Bxe4 Rxc5 26. Rd2 1/2-1/2

[Event "2BLN 1819 SK Zehlendorf - SV Glückauf "]
[Site "?"]
[Date "2018.11.10"]
[Round "1.5"]
[White "Dudzinski, Piotr"]
[Black "Stachowiak, Kamil"]
[Result "1/2-1/2"]
[WhiteElo "2327"]
[BlackElo "2432"]
[PlyCount "57"]
[EventDate "2018.??.??"]

1. e4 e5 2. Nf3 Nc6 3. Bc4 d6 4. d4 exd4 5. Nxd4 g6 6. O-O Bg7 7. c3 Nge7 8.
Bg5 O-O 9. Nxc6 bxc6 10. Nd2 Be6 11. Bxe6 fxe6 12. Qg4 Qd7 13. Nb3 Rae8 14.
Rad1 Nc8 15. Rd3 c5 16. Rh3 Rf7 17. Qh4 Bh8 18. Nd2 d5 19. Re1 Nd6 20. exd5
exd5 21. Rxe8+ Qxe8 22. Re3 Qd7 23. Re1 Bg7 24. Nf3 Nf5 25. Qh3 Qb5 26. Bc1 h6
27. Nh4 Nxh4 28. Qxh4 Kh7 29. Qg3 1/2-1/2

[Event "2BLN 1819 SK Zehlendorf - SV Glückauf "]
[Site "?"]
[Date "2018.11.10"]
[Round "1.6"]
[White "Brodowski, Piotr"]
[Black "Wlodarczyk, Oskar"]
[Result "1-0"]
[WhiteElo "2442"]
[BlackElo "2265"]
[PlyCount "97"]
[EventDate "2018.??.??"]

1. c4 c5 2. Nc3 Nc6 3. g3 g6 4. Bg2 Bg7 5. e3 Nf6 6. Nge2 O-O 7. d4 cxd4 8.
exd4 d6 9. O-O Bd7 10. h3 Rc8 11. Be3 a6 12. c5 dxc5 13. dxc5 Qc7 14. Nf4 Rcd8
15. Qe2 Bc8 16. Rac1 Rfe8 17. Qc4 Ne5 18. Qb3 Nc6 19. Rfe1 Na5 20. Qb4 Nc6 21.
Qa4 Bd7 22. Qa3 Bc8 23. b4 Ne5 24. Ncd5 Nxd5 25. Nxd5 Qd7 26. Bf4 f6 27. Qb3
Kh8 28. Rcd1 Qe6 29. Qe3 Qf7 30. Bxe5 fxe5 31. Nb6 Be6 32. Bxb7 Bxh3 33. Bxa6
Qxa2 34. Bc4 Qb2 35. Qb3 e4 36. Qxb2 Bxb2 37. Rxd8 Rxd8 38. Rxe4 Rd1+ 39. Kh2
Bf5 40. Rxe7 Bd4 41. Kg2 Rb1 42. Nd5 Rc1 43. Be2 h5 44. Ne3 Bb1 45. Nc4 Ba2 46.
c6 Bxc4 47. Bxc4 Rxc4 48. c7 Bc3 49. b5 1-0

[Event "2BLN 1819 SK Zehlendorf - SV Glückauf "]
[Site "?"]
[Date "2018.11.10"]
[Round "1.7"]
[White "Szyszylo, Rafal"]
[Black "Luch, Michal"]
[Result "1/2-1/2"]
[WhiteElo "2253"]
[BlackElo "2363"]
[PlyCount "32"]
[EventDate "2018.??.??"]

1. e4 Nf6 2. e5 Nd5 3. d4 d6 4. Nf3 dxe5 5. Nxe5 c6 6. Be2 Bf5 7. O-O Nd7 8.
Nf3 e6 9. c4 N5f6 10. Nc3 Ne4 11. Bd3 Nxc3 12. bxc3 Bg4 13. h3 Bh5 14. Re1 Be7
15. Bf4 O-O 16. Rb1 Qc8 1/2-1/2

[Event "2BLN 1819 SK Zehlendorf - SV Glückauf "]
[Site "?"]
[Date "2018.11.10"]
[Round "1.8"]
[White "Lagunow, Alexander"]
[Black "Dudzinski, Pawel"]
[Result "1-0"]
[WhiteElo "2390"]
[BlackElo "2198"]
[PlyCount "87"]
[EventDate "2018.??.??"]

1. Nf3 g6 2. d4 Bg7 3. e4 c6 4. h3 d5 5. Nbd2 dxe4 6. Nxe4 Nf6 7. Nxf6+ exf6 8.
Bc4 O-O 9. O-O Nd7 10. Re1 Nb6 11. Bb3 Re8 12. Rxe8+ Qxe8 13. Qf1 Be6 14. c4
Qf8 15. Bd2 g5 16. a4 f5 17. Re1 c5 18. Bc3 Bd7 19. Ra1 cxd4 20. Nxd4 Be5 21.
Qd3 Rc8 22. Nb5 Bxc3 23. Nxc3 Be6 24. Nd5 Nd7 25. Re1 Bxd5 26. cxd5 Qb4 27. Qe3
Nf6 28. d6 Qxd6 29. Qe7 Qxe7 30. Rxe7 Ne4 31. Rxf7 Rc1+ 32. Kh2 Nd2 33. Rxb7+
Kh8 34. g4 fxg4 35. Bd5 gxh3 36. Kxh3 Ra1 37. b3 Rg1 38. Rxa7 Rb1 39. Ra5 Nxb3
40. Rb5 Rf1 41. Rxb3 Rxf2 42. a5 Rf6 43. Bb7 Rf1 44. Ra3 1-0

[Event "2BLN 1819 SC Rotation Pankow - SF Berli"]
[Site "?"]
[Date "2018.11.10"]
[Round "1.1"]
[White "Lauber, Arnd"]
[Black "Guth, Thomas"]
[Result "1-0"]
[WhiteElo "2431"]
[BlackElo "2305"]
[PlyCount "65"]
[EventDate "2018.??.??"]

1. d4 e6 2. c4 Nf6 3. Nc3 Bb4 4. e3 O-O 5. Bd3 c5 6. Nf3 d6 7. Qc2 Nbd7 8. a3
Bxc3+ 9. Qxc3 e5 10. dxe5 dxe5 11. Bc2 Qe7 12. b3 b6 13. Bb2 Re8 14. Nd2 Bb7
15. Rg1 Rad8 16. g4 Rf8 17. g5 Ne8 18. O-O-O f5 19. gxf6 Nexf6 20. f4 Rde8 21.
Rg3 Rf7 22. Rdg1 Qe6 23. Rg5 exf4 24. Bf5 Qd6 25. exf4 Ree7 26. Qh3 Qxf4 27.
Be6 Kf8 28. Bxf7 Rxf7 29. Rxg7 Rxg7 30. Rxg7 Kxg7 31. Qxd7+ Kg6 32. Qxb7 Qd6
33. Qg2+ 1-0

[Event "2BLN 1819 SC Rotation Pankow - SF Berli"]
[Site "?"]
[Date "2018.11.10"]
[Round "1.2"]
[White "Dauth, Benjamin"]
[Black "Blohberger, Felix"]
[Result "1/2-1/2"]
[WhiteElo "2276"]
[BlackElo "2434"]
[PlyCount "68"]
[EventDate "2018.??.??"]

1. e4 c5 2. c3 e6 3. Nf3 d5 4. exd5 exd5 5. d4 Nc6 6. Be3 cxd4 7. Nxd4 Bd6 8.
Nd2 Nf6 9. Be2 O-O 10. O-O Re8 11. Re1 h6 12. h3 a6 13. Nxc6 bxc6 14. Bf3 Rb8
15. Nb3 a5 16. Qd2 a4 17. Nc5 Nd7 18. Nxa4 Ne5 19. Be2 Bxh3 20. f4 Ng4 21. Bxg4
Bxg4 22. Bc5 Rxe1+ 23. Rxe1 Bf5 24. Bxd6 Qxd6 25. b4 d4 26. Nc5 d3 27. a4 h5
28. a5 h4 29. Re5 g6 30. a6 Ra8 31. Nb7 Qc7 32. Nc5 Qd6 33. Nb7 Qc7 34. Nc5 Qd6
1/2-1/2

[Event "2BLN 1819 SC Rotation Pankow - SF Berli"]
[Site "?"]
[Date "2018.11.10"]
[Round "1.3"]
[White "Abel, Dennes"]
[Black "Rietze, Clemens"]
[Result "1-0"]
[WhiteElo "2465"]
[BlackElo "2293"]
[PlyCount "125"]
[EventDate "2018.??.??"]

1. d4 Nf6 2. c4 e6 3. g3 d5 4. Bg2 Bb4+ 5. Nd2 O-O 6. Ngf3 dxc4 7. Qc2 b5 8. a4
bxa4 9. O-O Bb7 10. Nxc4 c5 11. dxc5 Bxc5 12. Bg5 Nc6 13. Qxa4 Qe7 14. Bxf6
Qxf6 15. Nfd2 Rac8 16. Ne4 Qe7 17. Nxc5 Qxc5 18. Rfc1 Ba8 19. e3 Nb4 20. Bxa8
Rxa8 21. Na5 Qe7 22. Rc4 Nd5 23. Qc2 Qf6 24. Nc6 a6 25. e4 Nb6 26. e5 Qg5 27.
h4 Qh5 28. Rd4 Nd5 29. Kg2 f6 30. Qd1 Qe8 31. Rc1 Rc8 32. Rxd5 Rxc6 33. Rdc5
Rxc5 34. Rxc5 fxe5 35. Rxe5 Qc6+ 36. Kg1 Rb8 37. b3 Qb6 38. Re3 Rd8 39. Qf3 Qd6
40. Qe4 Qd1+ 41. Kh2 Qd5 42. Qg4 Rf8 43. Qe2 a5 44. Kg1 Qf5 45. Qe1 Qd5 46. Qc3
Qd1+ 47. Re1 Qf3 48. Qc2 Qd5 49. Re3 Rd8 50. Qc3 Rb8 51. Rd3 Qf5 52. Rd7 e5 53.
Rxg7+ Kxg7 54. Qc7+ Kg6 55. Qxb8 Qb1+ 56. Kh2 Qf5 57. Qb6+ Kh5 58. Qc5 Kg4 59.
Qe3 e4 60. Qe2+ Qf3 61. Qd2 Kf5 62. Qxa5+ Ke6 63. Qb6+ 1-0

[Event "2BLN 1819 SC Rotation Pankow - SF Berli"]
[Site "?"]
[Date "2018.11.10"]
[Round "1.4"]
[White "Mueller, Michael"]
[Black "Seyb, Alexander"]
[Result "0-1"]
[WhiteElo "2277"]
[BlackElo "2416"]
[PlyCount "90"]
[EventDate "2018.??.??"]

1. d4 Nf6 2. c4 g6 3. Nc3 d5 4. cxd5 Nxd5 5. e4 Nxc3 6. bxc3 Bg7 7. Bc4 c5 8.
Be3 Qa5 9. Qd2 Nc6 10. Ne2 cxd4 11. cxd4 Qxd2+ 12. Kxd2 O-O 13. Rhd1 Bd7 14.
Ke1 Na5 15. Bd3 e6 16. Rab1 Rfc8 17. Rdc1 Rxc1+ 18. Bxc1 b6 19. Bd2 Nc6 20. Bb5
a6 21. Bxc6 Bxc6 22. d5 exd5 23. Rxb6 Rc8 24. Rxa6 dxe4 25. a4 e3 26. Bxe3 Bxg2
27. a5 Kf8 28. Bd4 Bh6 29. Rb6 Ke8 30. a6 Rc2 31. Rb2 Rxb2 32. Bxb2 Kd7 33. Nd4
Bd5 34. Ba3 Bf4 35. h3 h5 36. a7 Kc7 37. Bc5 Kb7 38. Nb5 h4 39. Nd4 Bg2 40. Nb5
Bxh3 41. Nd6+ Ka8 42. Nxf7 Bg2 43. f3 Bxf3 44. Kf2 Bd5 45. Bd6 Bg3+ 0-1

[Event "2BLN 1819 SC Rotation Pankow - SF Berli"]
[Site "?"]
[Date "2018.11.10"]
[Round "1.5"]
[White "Polzin, Rainer"]
[Black "Neumeier, Lars"]
[Result "1-0"]
[WhiteElo "2396"]
[BlackElo "2314"]
[PlyCount "67"]
[EventDate "2018.??.??"]

1. e4 c5 2. Nc3 Nc6 3. Bb5 g6 4. Bxc6 dxc6 5. d3 Bg7 6. Be3 b6 7. Qd2 e5 8.
Nge2 h6 9. f4 Nf6 10. h3 exf4 11. Nxf4 Qe7 12. O-O Nd7 13. Rf2 Ne5 14. Raf1 Ba6
15. a4 Rd8 16. Qc1 O-O 17. Nce2 Kh7 18. b3 Bc8 19. Ng3 Qh4 20. Nfe2 Qe7 21. a5
Qd6 22. Qa3 Qc7 23. Nf4 Rde8 24. Qc1 f5 25. exf5 Bxf5 26. Nfh5 Be6 27. Nxg7
Qxg7 28. Bxh6 Rxf2 29. Bxg7 Rxf1+ 30. Qxf1 Kxg7 31. Qa1 Bd5 32. axb6 axb6 33.
Qa7+ Nf7 34. c4 1-0

[Event "2BLN 1819 SC Rotation Pankow - SF Berli"]
[Site "?"]
[Date "2018.11.10"]
[Round "1.6"]
[White "Bruchmann, Stephan"]
[Black "Florstedt, Johannes"]
[Result "1/2-1/2"]
[WhiteElo "2241"]
[BlackElo "2310"]
[PlyCount "43"]
[EventDate "2018.??.??"]

1. e4 e5 2. Nf3 Nc6 3. d4 exd4 4. Nxd4 Nf6 5. Nxc6 bxc6 6. Nd2 d6 7. Bd3 g6 8.
O-O Bg7 9. Nf3 O-O 10. Re1 Re8 11. c3 Rb8 12. Rb1 h6 13. Bf4 Nh5 14. Be3 c5 15.
Qc1 Kh7 16. b4 cxb4 17. cxb4 Be6 18. Nd4 Bxa2 19. Rb2 Be6 20. Rb1 Ra8 21. Nxe6
fxe6 22. Qc2 1/2-1/2

[Event "2BLN 1819 SC Rotation Pankow - SF Berli"]
[Site "?"]
[Date "2018.11.10"]
[Round "1.7"]
[White "Chatzidakis, Mihail"]
[Black "Seils, Joerg"]
[Result "1/2-1/2"]
[WhiteElo "2336"]
[BlackElo "2317"]
[PlyCount "83"]
[EventDate "2018.??.??"]

1. e4 Nf6 2. Nc3 e5 3. g3 Bb4 4. Bg2 d6 5. Nge2 c6 6. O-O O-O 7. a3 Ba5 8. d4
Nbd7 9. h3 Re8 10. g4 Nf8 11. Ng3 Ng6 12. g5 Nd7 13. Nf5 Ndf8 14. b4 Bb6 15. d5
Bxf5 16. exf5 Nf4 17. Bxf4 exf4 18. h4 Qd7 19. Qd3 Rad8 20. Rfe1 Re5 21. Rxe5
dxe5 22. Rd1 Qe7 23. d6 Qe8 24. Ne4 Nd7 25. Qc4 a6 26. Rd3 Kh8 27. Bf3 Qf8 28.
Bg4 Ba7 29. Kg2 Nb6 30. Qc3 f6 31. Qb3 Nd5 32. c4 f3+ 33. Kxf3 Nf4 34. Rd1 h5
35. gxh6 gxh6 36. h5 Qf7 37. Rb1 Bd4 38. c5 Qg7 39. Rh1 Nd5 40. Qc2 Qf7 41. Qb3
Qg7 42. Qc2 1/2-1/2

[Event "2BLN 1819 SC Rotation Pankow - SF Berli"]
[Site "?"]
[Date "2018.11.10"]
[Round "1.8"]
[White "Steinhagen, Bernd"]
[Black "Rudolf, Henrik"]
[Result "1-0"]
[WhiteElo "2244"]
[BlackElo "2299"]
[PlyCount "121"]
[EventDate "2018.??.??"]

1. c4 Nf6 2. Nc3 g6 3. g3 Bg7 4. Bg2 O-O 5. Nf3 d6 6. O-O e5 7. d3 h6 8. h3 Nc6
9. Rb1 a5 10. a3 Be6 11. Qc2 Qd7 12. Kh2 Nd4 13. Nxd4 exd4 14. Nd5 Bxd5 15.
cxd5 a4 16. b3 axb3 17. Rxb3 b6 18. Rb4 Nh7 19. Rc4 Ra7 20. Bb2 b5 21. Rb4 Ra4
22. Qb3 Rxb4 23. Qxb4 Ra8 24. Rc1 Ra4 25. Qb3 Qe8 26. Bf1 Qb8 27. Qc2 Ra7 28.
Qc6 Nf8 29. h4 b4 30. a4 Qb6 31. Qe8 Qa5 32. Ra1 Qxd5 33. Bg2 Qb3 34. Bc1 Qc3
35. Rb1 Qc2 36. Ra1 Ra5 37. Qb8 Qxe2 38. Qxb4 Rc5 39. Qd2 Qe5 40. a5 Nd7 41. a6
Nb6 42. a7 Kh7 43. a8=Q Nxa8 44. Rxa8 Qe7 45. Ra1 Re5 46. Bf3 Qf6 47. Kg2 d5
48. Ra5 c6 49. Qd1 Qe7 50. Ba3 Qe6 51. Bb4 h5 52. Ra6 Qf6 53. Qc2 Re6 54. Bd2
Bh6 55. Bxh6 Kxh6 56. Qc5 Kg7 57. Ra8 Qe5 58. Qf8+ Kf6 59. Qh8+ Kf5 60. Qh6 Re7
61. Rc8 1-0

[Event "2BLN 1819 Lübecker SV - Hamburger SK II"]
[Site "?"]
[Date "2018.11.10"]
[Round "1.1"]
[White "Kramer, Julian"]
[Black "Kalinitschew, Sergey"]
[Result "0-1"]
[WhiteElo "2378"]
[BlackElo "2432"]
[PlyCount "60"]
[EventDate "2018.??.??"]

1. e4 c5 2. Nf3 Nc6 3. d4 cxd4 4. Nxd4 e5 5. Nb5 d6 6. N1c3 a6 7. Na3 Be6 8.
Nc4 b5 9. Ne3 Nf6 10. g3 g6 11. Bg2 Bg7 12. O-O O-O 13. f4 b4 14. Ncd5 exf4 15.
gxf4 Bxd5 16. exd5 Na5 17. a3 b3 18. cxb3 Qb6 19. b4 Nc4 20. Re1 Rfe8 21. Qd3
Ng4 22. Qxc4 Rac8 23. Qb3 Bd4 24. Bf3 Bxe3+ 25. Bxe3 Nxe3 26. Kh1 Qd4 27. Re2
Qxf4 28. Bg2 Re5 29. Rae1 Rce8 30. h3 Ng4 0-1

[Event "2BLN 1819 Lübecker SV - Hamburger SK II"]
[Site "?"]
[Date "2018.11.10"]
[Round "1.2"]
[White "Riess, Alexander"]
[Black "Bracker, Frank"]
[Result "1/2-1/2"]
[WhiteElo "2280"]
[BlackElo "2394"]
[PlyCount "152"]
[EventDate "2018.??.??"]

1. d4 Nf6 2. c4 e6 3. Nf3 d5 4. Nc3 Nbd7 5. Bf4 dxc4 6. e3 Nd5 7. Bxc4 Nxf4 8.
exf4 Nb6 9. Bd3 g6 10. Qe2 Bg7 11. Rd1 O-O 12. h4 Nd5 13. g3 Bd7 14. Ne5 Bc6
15. Ne4 Nb4 16. Bb1 Bd5 17. h5 Nc6 18. hxg6 hxg6 19. O-O Qe7 20. Nc3 Rfd8 21.
Nxc6 bxc6 22. Rd2 Qb4 23. Rfd1 Rab8 24. Qe3 Rd7 25. b3 Bf6 26. Ne4 Bxe4 27.
Bxe4 Rd6 28. Kg2 Rbd8 29. Rc2 Bxd4 30. Qf3 c5 31. Rc4 Qb6 32. Rdc1 a5 33. R1c2
Kg7 34. Re2 Rh8 35. Re1 Bf6 36. Rec1 Bd4 37. Re1 Rdd8 38. Rh1 Rxh1 39. Kxh1 Bf6
40. Kg2 Rd2 41. Rc2 Rd4 42. Qe3 a4 43. bxa4 Rxa4 44. Bd3 Bd4 45. Qe2 Rb4 46.
Rc4 Rb2 47. Rc2 Rb1 48. Rxc5 Ra1 49. Rc4 c5 50. Be4 Qa5 51. Rc2 Qb4 52. Rc4 Re1
53. Qc2 Qa5 54. a4 Ra1 55. Qe2 Qb6 56. Qc2 Ra3 57. Bf3 Qa5 58. Qe2 Ra1 59. Be4
Re1 60. Qc2 Qb6 61. Bf3 Ra1 62. Be4 Qd8 63. Bf3 Qh8 64. Bd1 Qb8 65. Bf3 Rb1 66.
Qd2 Qh8 67. Rc1 Rb4 68. a5 Ra4 69. Bb7 Qb8 70. a6 Rb4 71. Qd3 Qa7 72. Rc2 Qb6
73. Rc4 Rb2 74. Rc2 Rb4 75. Rc4 Rb2 76. Rc2 Rb4 1/2-1/2

[Event "2BLN 1819 Lübecker SV - Hamburger SK II"]
[Site "?"]
[Date "2018.11.10"]
[Round "1.3"]
[White "Colpe, Malte"]
[Black "Kololli, Martin"]
[Result "0-1"]
[WhiteElo "2390"]
[BlackElo "2328"]
[PlyCount "42"]
[EventDate "2018.??.??"]

1. e4 e5 2. Nf3 Nc6 3. Bc4 Nf6 4. d3 Be7 5. O-O O-O 6. Re1 d6 7. a4 Be6 8. Bxe6
fxe6 9. c3 Nh5 10. b4 Qe8 11. Na3 Qg6 12. Nc2 Nf4 13. Bxf4 Rxf4 14. Qe2 Raf8
15. Kh1 Qh5 16. Rf1 Rh4 17. h3 Rxh3+ 18. gxh3 Rxf3 19. Rfe1 Rxh3+ 20. Kg2 Rh2+
21. Kg3 Qh3# 0-1

[Event "2BLN 1819 Lübecker SV - Hamburger SK II"]
[Site "?"]
[Date "2018.11.10"]
[Round "1.4"]
[White "Svane, Frederik"]
[Black "Voigt, Roland"]
[Result "1/2-1/2"]
[WhiteElo "2300"]
[BlackElo "2444"]
[PlyCount "74"]
[EventDate "2018.??.??"]

1. e4 c5 2. Nf3 e6 3. d4 cxd4 4. Nxd4 a6 5. Nc3 Qc7 6. g3 Nf6 7. Bg2 d6 8. O-O
Be7 9. f4 Nc6 10. Be3 Rb8 11. Qf3 O-O 12. h3 b5 13. Nxc6 Qxc6 14. e5 Qxf3 15.
Bxf3 dxe5 16. Ba7 Rb7 17. Bxb7 Bxb7 18. fxe5 Nd7 19. Rfe1 Rc8 20. Rad1 Nf8 21.
Rd2 Ng6 22. Bd4 h5 23. Ne4 Bd5 24. b3 Bb4 25. c3 Ba5 26. Rd3 Rc6 27. h4 Ne7 28.
Nd6 Ng6 29. Rf1 f6 30. c4 fxe5 31. Nb7 bxc4 32. bxc4 Bxc4 33. Nxa5 Bxd3 34.
Nxc6 Bxf1 35. Nxe5 Nxe5 36. Bxe5 Bc4 37. a3 Kf7 1/2-1/2

[Event "2BLN 1819 Lübecker SV - Hamburger SK II"]
[Site "?"]
[Date "2018.11.10"]
[Round "1.5"]
[White "Hoolt, Sarah"]
[Black "Poghosyan, Tigran"]
[Result "1-0"]
[WhiteElo "2351"]
[BlackElo "2192"]
[PlyCount "81"]
[EventDate "2018.??.??"]

1. e4 c5 2. d3 d6 3. g3 g6 4. Bg2 Bg7 5. f4 e6 6. Nf3 Ne7 7. c3 Nbc6 8. O-O O-O
9. Be3 Bd7 10. Nbd2 Rc8 11. a4 Qc7 12. Bf2 e5 13. Nc4 Na5 14. Nfd2 Be6 15. Ne3
Qd7 16. Nd5 Nac6 17. Nc4 b6 18. Be3 exf4 19. Bxf4 Ne5 20. Nce3 Rcd8 21. d4 N5c6
22. Nxe7+ Nxe7 23. d5 Bh3 24. Bxh3 Qxh3 25. Nc4 Nc8 26. Qd2 h6 27. Qd3 Rfe8 28.
Qf3 Rd7 29. Bxd6 f5 30. e5 Nxd6 31. exd6 Re4 32. b3 Bf8 33. Rae1 Rxe1 34. Rxe1
Bxd6 35. Re6 Bf8 36. Rxg6+ Kh7 37. Rf6 Bg7 38. Rxf5 Bxc3 39. Rh5 Bd4+ 40. Kh1
Re7 41. Qd3+ 1-0

[Event "2BLN 1819 Lübecker SV - Hamburger SK II"]
[Site "?"]
[Date "2018.11.10"]
[Round "1.6"]
[White "Christ, Ralf"]
[Black "Meissner, Felix"]
[Result "1/2-1/2"]
[WhiteElo "2275"]
[BlackElo "2350"]
[PlyCount "53"]
[EventDate "2018.??.??"]

1. d4 Nf6 2. Nf3 g6 3. c4 Bg7 4. Nc3 O-O 5. e4 d6 6. Be2 Na6 7. O-O e5 8. Be3
Ng4 9. Bg5 Qe8 10. dxe5 dxe5 11. h3 f6 12. Bd2 Nh6 13. Qc1 Nf7 14. c5 Nxc5 15.
Nd5 Ne6 16. Nxc7 Nxc7 17. Qxc7 Nd8 18. Rfd1 Rf7 19. Qc2 Be6 20. Rac1 Bf8 21.
Be3 Rd7 22. Rxd7 Qxd7 23. Bc4 Qf7 24. Bxe6 Qxe6 25. a3 Nf7 26. Qa4 a6 27. Rc7
1/2-1/2

[Event "2BLN 1819 Lübecker SV - Hamburger SK II"]
[Site "?"]
[Date "2018.11.10"]
[Round "1.7"]
[White "Fuchs, Judith"]
[Black "Ehrke, Michael"]
[Result "1/2-1/2"]
[WhiteElo "2263"]
[BlackElo "2212"]
[PlyCount "84"]
[EventDate "2018.??.??"]

1. d4 d5 2. Bf4 Nf6 3. e3 e6 4. Nf3 c5 5. c3 Nc6 6. Nbd2 Be7 7. h3 Bd6 8. Bb5
Bxf4 9. exf4 cxd4 10. Nxd4 Bd7 11. Bd3 Nxd4 12. cxd4 Qb6 13. Nb3 Ba4 14. O-O
Bxb3 15. Qxb3 Qxb3 16. axb3 Kd7 17. Ra4 a6 18. Rfa1 Kd6 19. f5 exf5 20. Bxf5
Rhe8 21. b4 Re2 22. b5 Rxb2 23. bxa6 g6 24. Bd3 bxa6 25. Rxa6+ Rxa6 26. Rxa6+
Ke7 27. Ra7+ Kf8 28. Ra8+ Kg7 29. Ra5 Rd2 30. Ra3 Rd1+ 31. Kh2 Ne4 32. Bxe4
dxe4 33. Ra4 f5 34. h4 h6 35. Ra7+ Kf6 36. Ra6+ Kf7 37. Ra7+ Ke6 38. Ra6+ Kd5
39. g3 g5 40. hxg5 hxg5 41. Rf6 f4 42. gxf4 gxf4 1/2-1/2

[Event "2BLN 1819 Lübecker SV - Hamburger SK II"]
[Site "?"]
[Date "2018.11.10"]
[Round "1.8"]
[White "Lampe, Dirk"]
[Black "Groetzbach, Julian"]
[Result "1/2-1/2"]
[WhiteElo "2156"]
[BlackElo "2247"]
[PlyCount "171"]
[EventDate "2018.??.??"]

1. e4 c5 2. Nf3 e6 3. d4 cxd4 4. Nxd4 Nc6 5. Nc3 Qc7 6. Be3 a6 7. Be2 Nf6 8.
O-O Bb4 9. Nxc6 bxc6 10. Qd4 c5 11. Qc4 O-O 12. Bf3 d6 13. Rad1 Nd7 14. Bf4 Nb6
15. Qb3 Rd8 16. Na4 Nxa4 17. Qxa4 e5 18. Bg5 f6 19. Be3 Rb8 20. c3 Ba5 21. Rd2
Be6 22. Rfd1 Bb6 23. b3 c4 24. Bxb6 Rxb6 25. b4 Kf7 26. h3 Ke7 27. Bg4 Bf7 28.
h4 Qb7 29. Qc2 h5 30. Bf3 g5 31. hxg5 fxg5 32. Be2 Rg8 33. a4 g4 34. Rd5 Rc6
35. Qd2 Rg6 36. b5 Bxd5 37. Qc2 Be6 38. bxc6 Qxc6 39. Qd2 Qc5 40. Rb1 Bd7 41.
Rb7 Kd8 42. Rb8+ Ke7 43. Qe3 Qxe3 44. fxe3 Bxa4 45. Bxc4 Bc6 46. Bd3 a5 47. Rb6
Kd7 48. Ra6 a4 49. Ra7+ Ke6 50. Rh7 g3 51. Rxh5 Rg4 52. Rh6+ Ke7 53. Rh7+ Kd8
54. Ra7 Kc8 55. Ra5 Kb7 56. Kf1 Bxe4 57. Bxe4+ Rxe4 58. Ke2 Kb6 59. Ra8 Rh4 60.
Kf3 Kb5 61. Kxg3 Rc4 62. Kf3 Rxc3 63. g4 d5 64. g5 Rc6 65. Rd8 Kc4 66. Ra8 Kb3
67. Rb8+ Kc3 68. Ra8 Kb3 69. Rb8+ Kc4 70. Ra8 Kb4 71. Rb8+ Kc3 72. Ra8 d4 73.
exd4 exd4 74. Rxa4 d3 75. Ke4 d2 76. Ra1 Rc5 77. Kf4 Kd3 78. Rd1 Rc1 79. Rxd2+
Kxd2 80. g6 Rg1 81. Kf5 Ke3 82. Kf6 Rf1+ 83. Ke6 Rg1 84. Kf6 Kf4 85. g7 Rxg7
86. Kxg7 1/2-1/2

[Event "2BLN 1819 SK Norderstedt - FC St. Pauli"]
[Site "?"]
[Date "2018.11.10"]
[Round "1.1"]
[White "Socko, Bartosz"]
[Black "Krause, Benedict"]
[Result "1-0"]
[WhiteElo "2611"]
[BlackElo "2434"]
[PlyCount "60"]
[EventDate "2018.??.??"]

1. d4 Nf6 2. c4 g6 3. Nf3 Bg7 4. g3 c6 5. Bg2 d5 6. Nbd2 O-O 7. O-O Bf5 8. b3
Ne4 9. Bb2 Qa5 10. a3 Nd7 11. b4 Qd8 12. Qb3 Ndf6 13. Rfd1 a5 14. Nxe4 Bxe4 15.
c5 Nd7 16. Bh3 Bxf3 17. exf3 e6 18. b5 a4 19. Qc2 cxb5 20. Bf1 e5 21. Bxb5 exd4
22. Bxd4 Bxd4 23. Rxd4 Ne5 24. Qd1 Qf6 25. Kg2 Rfd8 26. Rb1 Nc4 27. Rb4 Rac8
28. Rxd5 Nxa3 29. Bxa4 Rxd5 30. Qxd5 Kg7 1-0

[Event "2BLN 1819 SK Norderstedt - FC St. Pauli"]
[Site "?"]
[Date "2018.11.10"]
[Round "1.2"]
[White "Parvanyan, Ashot"]
[Black "Feuerstack, Aljoscha"]
[Result "0-1"]
[WhiteElo "2428"]
[BlackElo "2454"]
[PlyCount "102"]
[EventDate "2018.??.??"]

1. Nf3 c5 2. c4 Nc6 3. d4 cxd4 4. Nxd4 Nf6 5. Nc3 e6 6. g3 Qb6 7. Ndb5 Ne5 8.
Bg2 a6 9. Na4 Qd8 10. Nd6+ Bxd6 11. Qxd6 Nxc4 12. Qc5 d5 13. b3 Bd7 14. bxc4
Bxa4 15. cxd5 Nxd5 16. O-O f6 17. Ba3 Rc8 18. Qd4 Bc6 19. Rfd1 Qa5 20. e4 Qxa3
21. exd5 e5 22. Qb6 Bd7 23. Qxb7 Qd6 24. Rab1 O-O 25. Rb6 Qc5 26. d6 Rfd8 27.
Rxa6 Bg4 28. Qd5+ Kf8 29. Qxc5 Rxc5 30. Ra1 Be2 31. Rb6 Ra5 32. a4 f5 33. h3
Kf7 34. Rb7+ Kf6 35. Rc1 Rxd6 36. Rcc7 Bh5 37. Re7 Bg6 38. h4 Rxa4 39. Bh3 e4
40. Bg2 Ra1+ 41. Kh2 Ra2 42. g4 Rdd2 43. gxf5 Rxf2 44. fxg6 Rxg2+ 45. Kh1 hxg6
46. Rf7+ Ke6 47. Rfe7+ Kf5 48. Rb5+ Kf4 49. Rf7+ Kg4 50. h5 e3 51. Rb4+ Kg3 0-1